CBeebies Programmes - Statistics

General Stats
  • This quiz has been taken 639 times
    629 since last reset
  • The average score is 17 of 125
Answer Stats
Programme % Correct
In the Night Garden...
62%
Teletubbies
55%
Balamory
44%
Postman Pat
42%
Something Special
40%
Tweenies
40%
Alphablocks
37%
64 Zoo Lane
36%
Charlie and Lola
36%
Numberjacks
36%
Big Cook Little Cook
35%
Mister Maker
35%
Bob the Builder
34%
Octonauts
33%
Fireman Sam
30%
Show Me Show Me
29%
Topsy and Tim
29%
Bing
28%
Sarah and Duck
27%
Gigglebiz
26%
I Can Cook
26%
Me Too
26%
Chuggington
25%
Swashbuckle
25%
Hey Duggee
24%
Nina and the Neurons
24%
Baby Jake
23%
Come Outside
23%
Go Jetters
23%
Fimbles
22%
Tree Fu Tom
22%
Brum
21%
Grandpa in My Pocket
21%
Waybuloo
21%
Clangers
20%
Kerwhizz
20%
Peter Rabbit
20%
Pingu
20%
ZingZillas
20%
Lazytown
19%
Bits and Bobs
17%
Boo!
17%
Rastamouse
16%
Tikkabilla
15%
Twirlywoos
15%
Andy's Dinosaur Adventures
14%
Big and Small
14%
Andy Pandy
13%
Everything's Rosie
13%
Old Jack's Boat
13%
Clifford the Big Red Dog
12%
The Story Makers
12%
Tinga Tinga Tales
12%
Bill and Ben
11%
Get Squiggling!
11%
Raa-Raa the Noisy Lion
11%
3rd & Bird
10%
Andy's Wild Adventures
10%
Bedtime Stories
10%
Boj
10%
Katie Morag
10%
Let's Play
10%
Mr Bloom's Nursery
10%
Boogie Beebies
8%
Get Well Soon
8%
Mike the Knight
8%
The Lingo Show
8%
Wooly and Tig
8%
Abadas
7%
Andy's Prehistoric Adventures
7%
The Shiny Show
7%
Tots TV
7%
Cloudbabies
6%
Down on the Farm
6%
Magic Hands
6%
Rubbadubbers
6%
Step Inside
6%
Tee and Mo
6%
Becky and Barnaby Bear
5%
Dinopaws
5%
Melody
5%
My Pet and Me
5%
Ruff-Ruff, Tweet and Dave
5%
Space Pirates
5%
Spot
5%
The Furchester Hotel
5%
The Roly Mo Show
5%
Underground Ernie
5%
Driver Dan's Story Train
4%
Kate and Mim-Mim
4%
Messy Goes to OKIDO
4%
Footy Pups
3%
Let's Celebrate
3%
My Story
3%
Nelly and Nora
3%
Q Pootle 5
3%
Teacup Travels
3%
The Adventures of Abney & Teal
3%
Jamillah and Aladdin
2%
Stargazing
2%
The Large Family
2%
Tilly and Friends
2%
What's the Big Idea?
2%
Zigby
2%
Minibeast Adventure with Jess
1%
Monster Cafe
1%
Mr Bloom: Here and There
1%
The Let's Go Club
1%
The Magic Key
1%
Tiny Tumble
1%
Wussywat the Clumsy Cat
1%
Yoho Ahoy
1%
Yoko! Jakamoko! Toto!
1%
Ask Anything
0%
CBeebies Prom
0%
CBeebies Radio
0%
Christmas
0%
Chuggington: Badge Quest
0%
Dancing Beebies
0%
Discover CBBC
0%
Fly-High and Huggy
0%
Meet the Kittens
0%
Nuzzle & Scratch
0%
Old Jack's Boat: Rockpool Tales
0%
The Rhyme Rocket
0%
No matching quizzes found
Score Distribution
Percent of People with Each Score
Percentile by Number Answered
Your Score History
You have not taken this quiz since the last reset